2024年の阪神タイガース 支配下登録選手 - Statistics

General Stats
  • This quiz has been taken 146 times
  • The average score is 38 of 65
Answer Stats
Hint Answer % Correct
3 大山悠輔
99%
5 近本光司
98%
8 佐藤輝明
97%
1 森下翔太
95%
2 梅野隆太郎
94%
0 木浪聖也
93%
7 シェルドン・ノイジー
91%
12 坂本誠志郎
91%
13 岩崎優
90%
51 中野拓夢
90%
00 ハビー・ゲラ
87%
55 ヨハン・ミエセス
84%
17 青柳晃洋
83%
41 村上頌樹
80%
16 西勇輝
77%
49 大竹耕太郎
77%
27 伊藤将司
76%
15 西純矢
74%
35 才木浩人
74%
58 前川右京
74%
4 熊谷敬宥
73%
94 原口文仁
73%
47 桐敷拓馬
72%
14 岩貞祐太
71%
38 小幡竜平
71%
69 石井大智
71%
33 糸原健斗
69%
25 渡邉諒
67%
62 植田海
67%
53 島田海吏
60%
60 小野寺暖
59%
99 ジェレミー・ビーズリー
59%
39 榮枝裕貴
57%
97 野口恭佑
56%
32 井上広大
53%
46 島本浩也
51%
65 湯浅京己
51%
19 下村海翔
49%
21 秋山拓巳
49%
57 長坂拳弥
48%
68 中川勇斗
47%
37 及川雅貴
45%
34 漆原大晟
44%
54 加治屋蓮
44%
61 豊田寛
42%
50 富田蓮
41%
64 岡留英貴
41%
20 森木大智
37%
52 山田脩也
36%
95 片山雄哉
36%
26 椎葉剛
35%
36 浜地真澄
35%
59 藤田健斗
35%
30 門別啓人
34%
43 高濱祐仁
34%
45 遠藤成
33%
67 高寺望夢
33%
93 岩田将貴
31%
28 鈴木勇斗
30%
40 井坪陽生
26%
63 石黒佑弥
24%
56 百崎蒼生
23%
48 茨木秀俊
21%
66 津田淳哉
19%
44 戸井零士
17%
No matching quizzes found
Score Distribution
Percent of People with Each Score
Percentile by Number Answered
Your Score History
You have not taken this quiz